|
|
|
|
| LEADER |
00000nab a2200000 a 4500 |
| 001 |
vtls000012052 |
| 003 |
SK-MaSNL |
| 005 |
20260304062354.0 |
| 008 |
250422c1978 xo 0 slo |
| 015 |
|
|
|a SNBRB19rr/mm-uuuuu
|
| 035 |
|
|
|a CL0022146
|
| 035 |
|
|
|a urn:nbn:sk:snk-abcykd
|
| 035 |
|
|
|a (urnnbn)urn:nbn:sk:snk:ar-a09wll
|
| 035 |
|
|
|a (uuid)1700f1d3-abc7-405c-ae4c-9c3dcf9dcf9f
|
| 040 |
|
|
|a SNKBUCL
|b slo
|c SNKBUCL
|e AACR2
|
| 041 |
0 |
|
|a slo
|
| 044 |
|
|
|a xo
|c SK
|
| 080 |
|
|
|a 637.5
|2 1981
|
| 080 |
|
|
|a 664
|2 1981
|
| 080 |
|
|
|a 636.5
|2 1981
|
| 100 |
1 |
|
|a Bobiš, Ladislav,
|d 1922-1990
|4 aut
|9 174446
|
| 245 |
1 |
0 |
|a Ideový projekt výroby jedál z hydinových mias v Žamberku
|c Ladislav Bobiš, Mária Papcúnová ; Ladislav Boriš
|
| 300 |
|
|
|b Tb. 1. Schémy 2.
|
| 650 |
0 |
7 |
|a hydinársky priemysel
|2 snkbucl
|9 4336
|
| 650 |
0 |
7 |
|a hydinové mäso
|2 snkbucl
|9 65949
|
| 650 |
0 |
7 |
|a hotové jedlá
|2 SNKPH
|9 115443
|
| 655 |
|
7 |
|a články z novín a časopisov
|2 snkbucl
|9 267496
|
| 700 |
1 |
|
|a Papcúnová, Mária
|4 aut
|9 362890
|
| 700 |
1 |
|
|a Boriš, Ladislav
|4 aut
|9 1347657
|
| 773 |
0 |
|
|t Hydinársky priemysel
|g Roč. 20, č. 7-8 (1978), s. 305-315
|
| 850 |
|
|
|a Slovenská národná knižnica
|
| 852 |
|
|
|a Slovenská národná knižnica
|
| 954 |
|
|
|a odborná, vedecká literatúra pôvodná (slovenská)
|2 lita
|
| 958 |
|
|
|a article17
|
| 958 |
|
|
|a RK
|
| 958 |
|
|
|a OND
|
| 958 |
|
|
|a EUIPO
|
| 992 |
|
|
|a RBX
|
| 999 |
|
|
|c 2737792
|d 2739722
|